000 00818cam a2200241 a 4500
001 1145583
005 20180116041301.0
008 951101s1996 njua b 001 0 eng c
010 _a 95046925
020 _a1568217730 (alk. paper)
040 _aDNLM/DLC
_cDLC
_dDLC
041 _aeng
060 1 0 _aWM 460.5.O2 S633h 1996
080 _a616.8914081 SLI
082 0 0 _a616.8914081 SLI
_220
100 1 _a16
101 _aHIS
245 1 0 _aHealing the gender wars :
_cSamuel Slipp.
504 _aIncludes bibliographical references (p. [215]-222) and index.
906 _a7
_bcbc
_corignew
_d1
_eocip
_f19
_gy-gencatlg
942 _2ddc
_cBK
999 _c40351
_d40351